|
|
|
|
| LEADER |
01696nam a2200385 i 4500 |
| 001 |
EBC7160909 |
| 003 |
MiAaPQ |
| 005 |
20230321152233.0 |
| 006 |
m o d | |
| 007 |
cr cnu|||||||| |
| 008 |
230321s2023 miua o 000 0 eng d |
| 020 |
|
|
|z 9780472133352
|q (print)
|
| 020 |
|
|
|a 9780472903559
|q (electronic bk.)
|
| 035 |
|
|
|a (MiAaPQ)EBC7160909
|
| 035 |
|
|
|a (Au-PeEL)EBL7160909
|
| 035 |
|
|
|a (OCoLC)1366126405
|
| 040 |
|
|
|a MiAaPQ
|b eng
|e rda
|e pn
|c MiAaPQ
|d MiAaPQ
|
| 050 |
|
4 |
|a PR418.R7
|b .H685 2023
|
| 082 |
0 |
|
|a 820.9353
|2 23
|
| 100 |
1 |
|
|a Houlik-Ritchey, Emily,
|d 1980-
|e author.
|
| 245 |
1 |
0 |
|a Imagining Iberia in English and Castilian Medieval Romance /
|c Emily Houlik-Ritchey.
|
| 264 |
|
1 |
|a Ann Arbor, Michigan :
|b University of Michigan Press,
|c [2023]
|
| 264 |
|
4 |
|c Ã2023
|
| 300 |
|
|
|a 1 online resource (262 pages) :
|b illustrations
|
| 336 |
|
|
|a text
|b txt
|2 rdacontent
|
| 337 |
|
|
|a computer
|b c
|2 rdamedia
|
| 338 |
|
|
|a online resource
|b cr
|2 rdacarrier
|
| 588 |
|
|
|a Description based on print version record.
|
| 590 |
|
|
|a Electronic reproduction. Ann Arbor, MI : ProQuest, 2018. Available via World Wide Web. Access may be limited to ProQuest affiliated libraries.
|
| 650 |
|
0 |
|a Romances, English
|x History and criticism.
|
| 650 |
|
0 |
|a Romances, Spanish
|x History and criticism.
|
| 655 |
|
4 |
|a Electronic books.
|
| 776 |
0 |
8 |
|i Print version:
|a Houlik-Ritchey, Emily, 1980-
|t Imagining Iberia in English and Castilian Medieval Romance.
|d Ann Arbor, Michigan : University of Michigan Press, c2023
|h 262 pages
|z 9780472133352
|w (DLC) 2022950999
|
| 797 |
2 |
|
|a ProQuest (Firm)
|
| 856 |
4 |
0 |
|u https://ebookcentral.proquest.com/lib/matrademy/detail.action?docID=7160909
|z Click to View
|